[Event "Mercredi 2026.01.07 ABCD"]
[Site "Montreal CAN"]
[Date "2026.02.04"]
[Round "5"]
[White "Hartner, Rian"]
[Black "Hudon, Paul"]
[Result "1-0"]
[WhiteElo "1890"]
[BlackElo "1820"]
[WhiteFideId "-1"]
[BlackFideId "-1"]
[PlyCount "53"]
[GameId "2274321074834490"]
[EventDate "2026.01.07"]
[EventType "tourn"]
[EventRounds "5"]
[EventCountry "CAN"]

1. e4 c5 2. Nf3 a6 3. c4 Nc6 4. d4 cxd4 5. Nxd4 e5 6. Nc2 Nf6 7. Nc3 Bc5 8. Be2 d6 9. O-O Nd4 10. Nxd4 Bxd4 11. Bg5 Bxc3 12. bxc3 h6 13. Bxf6 Qxf6 14. Rb1 O-O 15. Rb6 Rd8 16. c5 Bd7 17. Rxd6 Qe7 18. Bc4 Rac8 19. Bd5 Bc6 20. Qd3 Ba4 21. f4 Rf8 22. f5 Qg5 23. Rg6 Qh5 24. Qg3 Rxc5 25. f6 Rc4 26. Rxg7+ Kh8 27. Rh7+ 1-0

[Event "Mercredi 2026.01.07 ABCD"]
[Site "Montreal CAN"]
[Date "2026.01.07"]
[Round "1"]
[White "Baran, Marius"]
[Black "Guindon, Alex"]
[Result "1-0"]
[WhiteElo "1564"]
[BlackElo "1532"]
[WhiteFideId "-1"]
[BlackFideId "-1"]
[PlyCount "121"]
[GameId "2274321074834491"]
[EventDate "2026.01.07"]
[EventType "tourn"]
[EventRounds "5"]
[EventCountry "CAN"]

1. d4 Nf6 2. c4 e6 3. Nf3 Bb4+ 4. Bd2 Qe7 5. a3 Bxd2+ 6. Nbxd2 a5 7. e4 d5 8. Bd3 dxe4 9. Nxe4 Nc6 10. O-O O-O 11. Nc3 Rd8 12. Nb5 Na7 13. Nxa7 Rxa7 14. Qe2 c5 15. dxc5 Qxc5 16. b4 Qc7 17. Qe3 b6 18. h3 Bb7 19. Be2 Raa8 20. Rfd1 h6 21. Rac1 axb4 22. axb4 Rxd1+ 23. Rxd1 Rc8 24. Ne5 Rd8 25. Rxd8+ Qxd8 26. f4 Qd6 27. c5 bxc5 28. bxc5 Qc7 29. c6 Ba8 30. Bf3 Nd5 31. Bxd5 exd5 32. Qc5 d4 33. Qxd4 f6 34. Qd5+ Kh7 35. Qd3+ Kg8 36. Qd7 Qb6+ 37. Kh2 fxe5 38. Qc8+ Kh7 39. Qxa8 exf4 40. Qb7 Qe3 41. Qb1+ Kh8 42. Qg6 Qc3 43. Qe8+ Kh7 44. Qe4+ Kh8 45. Qf3 Qc2 46. h4 Kh7 47. h5 Kh8 48. Kh3 Qc5 49. Kg4 Qc4 50. Kh4 Qc5 51. Qxf4 Qxc6 52. Qf8+ Kh7 53. Qf5+ Kh8 54. Qg6 Qf6+ 55. Qxf6 gxf6 56. Kg4 Kg8 57. Kf5 Kf7 58. g4 Kg7 59. Ke6 Kg8 60. Kxf6 Kh7 61. Kf7 1-0

[Event "Mercredi 2026.01.07 ABCD"]
[Site "Montreal CAN"]
[Date "2026.01.07"]
[Round "1"]
[White "Ramos, Michelle"]
[Black "Autotte, Daniel"]
[Result "1/2-1/2"]
[WhiteElo "1558"]
[BlackElo "1554"]
[WhiteFideId "-1"]
[BlackFideId "-1"]
[PlyCount "108"]
[GameId "2274321074838588"]
[EventDate "2026.01.07"]
[EventType "tourn"]
[EventRounds "5"]
[EventCountry "CAN"]

1. c4 c6 2. e4 d5 3. cxd5 cxd5 4. exd5 Nf6 5. Nf3 Nxd5 6. d4 e6 7. Be2 Be7 8. O-O O-O 9. Nc3 Nc6 10. a3 a6 11. Qc2 Bd7 12. Nxd5 exd5 13. Qb3 Bc8 14. Be3 Na5 15. Qc2 Be6 16. Nd2 Rc8 17. Qd1 b5 18. b4 Nc4 19. Qb3 Nb6 20. Rfc1 Qd7 21. Nf3 f6 22. Ne1 Nc4 23. Nd3 Nxe3 24. fxe3 Rfe8 25. Nf4 Bf7 26. Bf3 Rc4 27. Nd3 Qd6 28. Nc5 Qb6 29. Be2 Rxc1+ 30. Rxc1 Rd8 31. Bg4 g6 32. Nd7 Qd6 33. Nc5 Qb6 34. Nd7 Qa7 35. Nc5 f5 36. Bf3 Bf6 37. Nd3 Qe7 38. Nf4 Kg7 39. Kf2 g5 40. Nd3 g4 41. Be2 Qd6 42. g3 h5 43. Nf4 Bg5 44. Qc2 Bxf4 45. exf4 Qf6 46. Qd2 Qe6 47. Bd3 Qf6 48. Bc2 Rc8 49. Re1 Rc4 50. Re5 Qc6 51. Bxf5 Rc3 52. Re3 Rc1 53. Re1 Rc3 54. Re3 Rc1 1/2-1/2

[Event "Mercredi 2026.01.07 ABCD"]
[Site "Montreal CAN"]
[Date "2026.01.07"]
[Round "1"]
[White "Kozlov, Guennadi"]
[Black "Poncsak, Juliette"]
[Result "1/2-1/2"]
[WhiteElo "1627"]
[BlackElo "1577"]
[WhiteFideId "-1"]
[BlackFideId "-1"]
[PlyCount "93"]
[GameId "2274321074838589"]
[EventDate "2026.01.07"]
[EventType "tourn"]
[EventRounds "5"]
[EventCountry "CAN"]

1. e4 e5 2. f4 exf4 3. Nf3 d6 4. d4 g5 5. h4 g4 6. Ng1 Be7 7. Bxf4 Bxh4+ 8. g3 Bf6 9. Nc3 Nc6 10. Bb5 a6 11. Bxc6+ bxc6 12. Qd2 h5 13. O-O-O Be6 14. Qe3 Bg7 15. d5 Bd7 16. Nge2 f6 17. dxc6 Bxc6 18. Nd4 Bd7 19. Nd5 Ne7 20. Qc3 Nxd5 21. exd5 f5 22. Qd3 Qf6 23. c3 Kf7 24. Rde1 Ra7 25. Ne6 Bh6 26. Bxh6 Rxh6 27. Rhf1 Kg6 28. Nf4+ Kf7 29. Ng2 Qg5+ 30. Kc2 Rf6 31. Qe2 Rg6 32. Nh4 Rh6 33. Rf4 Ra8 34. Qc4 Re8 35. Rxe8 Kxe8 36. Qxc7 Qe7 37. Qc4 Rf6 38. Qd3 Bb5 39. c4 Bd7 40. Rf2 Kd8 41. Re2 Qf7 42. Qd4 f4 43. Qb6+ Kc8 44. Qxa6+ Kc7 45. Qa7+ Kc8 46. Qa8+ Kc7 47. Qa7+ 1/2-1/2

[Event "Mercredi 2026.01.07 ABCD"]
[Site "Montreal CAN"]
[Date "2026.01.14"]
[Round "2"]
[White "Guindon, Alex"]
[Black "Poncsak, Juliette"]
[Result "0-1"]
[WhiteElo "1532"]
[BlackElo "1577"]
[WhiteFideId "-1"]
[BlackFideId "-1"]
[PlyCount "146"]
[GameId "2274321074842686"]
[EventDate "2026.01.07"]
[EventType "tourn"]
[EventRounds "5"]
[EventCountry "CAN"]

1. d4 f5 2. Nf3 Nf6 3. Bg5 e6 4. g3 d5 5. Bg2 Bd6 6. O-O h6 7. Bxf6 Qxf6 8. c4 c6 9. cxd5 exd5 10. e3 Be6 11. Qb3 Qe7 12. Ne5 Bf7 13. f4 Na6 14. Nd2 O-O 15. a3 Rab8 16. Qd3 g6 17. Ndf3 Nc7 18. Rac1 Ne8 19. Kh1 Nf6 20. Rc2 a6 21. b4 Rfc8 22. Nd2 Be8 23. Nb3 Bxb4 24. axb4 Qxb4 25. Nc5 Ra8 26. Rc3 b5 27. Rb1 Qa5 28. Ra3 Qb6 29. Rba1 a5 30. Qd2 a4 31. Rb1 Qc7 32. Rc1 Ra7 33. Ned3 Qe7 34. Nb4 Ng4 35. h3 Nf6 36. Rac3 Qd6 37. Ncd3 g5 38. Rc5 Nh5 39. Kh2 Rg7 40. Bf3 gxf4 41. exf4 Nxg3 42. Bxd5+ Kh7 43. Ne5 Rd8 44. Bxc6 Qxc5 45. Bxe8 Qxd4 46. Qxd4 Rxd4 47. Nbd3 Ne2 48. Re1 Nxf4 49. Nxf4 Rxf4 50. Bxb5 Rf2+ 51. Kh1 a3 52. Ra1 Rg3 53. Nd3 Rxh3+ 54. Kg1 Rc2 55. Rxa3 Kg6 56. Nf4+ Kg5 57. Nxh3+ Kg4 58. Nf2+ Kg5 59. Rg3+ Kf6 60. Bd3 Rc5 61. Rf3 Kg5 62. Kg2 Ra5 63. Kg3 h5 64. Nh3+ Kg6 65. Nf4+ Kg5 66. Ne6+ Kf6 67. Nd4 Kg5 68. Bxf5 Ra4 69. Ne6+ Kh6 70. Bh3 h4+ 71. Kf2 Kg6 72. Rf5 Kh6 73. Rg5 Rb4 {Time} 0-1

[Event "Mercredi 2026.01.07 ABCD"]
[Site "Montreal CAN"]
[Date "2026.01.14"]
[Round "2"]
[White "Baran, Marius"]
[Black "Ramos, Michelle"]
[Result "1/2-1/2"]
[WhiteElo "1564"]
[BlackElo "1558"]
[WhiteFideId "-1"]
[BlackFideId "-1"]
[PlyCount "116"]
[GameId "2274321074842687"]
[EventDate "2026.01.07"]
[EventType "tourn"]
[EventRounds "5"]
[EventCountry "CAN"]

1. d4 f5 2. c4 e6 3. a3 Nf6 4. Nc3 b6 5. Bg5 h6 6. Bxf6 Qxf6 7. Nf3 Be7 8. g3 O-O 9. Bg2 Bb7 10. O-O d6 11. Qd2 Nc6 12. b4 a6 13. Rad1 Rfd8 14. e4 fxe4 15. Nxe4 Qf5 16. Rfe1 d5 17. cxd5 exd5 18. Nc3 Bf6 19. Qd3 Qxd3 20. Rxd3 Ne7 21. Ne5 Rac8 22. Bh3 Ra8 23. Be6+ Kh7 24. f4 Bc8 25. Ng4 Kg6 26. Nxf6 Kxf6 27. Rde3 Bb7 28. Re5 g6 29. Bh3 Ng8 30. Bg2 c6 31. Na4 b5 32. Nc5 Bc8 33. a4 Kf7 34. a5 Ra7 35. Kf2 Re7 36. Kf3 Rde8 37. g4 Nf6 38. h3 Nd7 39. Nxd7 Bxd7 40. Bf1 Kf6 41. Bd3 g5 42. fxg5+ hxg5 43. Rxe7 Rxe7 44. Rxe7 Kxe7 45. Kg3 Kf6 46. h4 Be6 47. h5 Bd7 48. h6 Be6 49. h7 Kg7 50. Bf5 Bxf5 51. gxf5 Kxh7 52. Kg4 Kh6 53. f6 Kg6 54. f7 Kxf7 55. Kxg5 Kg7 56. Kf5 Kf7 57. Kg5 Kg7 58. Kf5 Kf7 1/2-1/2

[Event "Mercredi 2026.01.07 ABCD"]
[Site "Montreal CAN"]
[Date "2026.01.14"]
[Round "2"]
[White "Autotte, Daniel"]
[Black "Kozlov, Guennadi"]
[Result "1/2-1/2"]
[WhiteElo "1554"]
[BlackElo "1627"]
[WhiteFideId "-1"]
[BlackFideId "-1"]
[PlyCount "47"]
[GameId "2274321074846784"]
[EventDate "2026.01.07"]
[EventType "tourn"]
[EventRounds "5"]
[EventCountry "CAN"]

1. e4 e6 2. d4 d5 3. e5 c5 4. c3 Nc6 5. Nf3 Qb6 6. a3 a5 7. Bd3 Bd7 8. dxc5 Bxc5 9. O-O Nge7 10. Nbd2 Ng6 11. Bxg6 hxg6 12. Nb3 Be7 13. Be3 Qc7 14. Bd4 a4 15. Nbd2 Na5 16. Qe2 b5 17. Ne1 Nc4 18. Ndf3 Na5 19. Nd2 Nc4 20. Ndf3 Rh5 21. Nd3 Na5 22. Nd2 Nc4 23. Nf3 Na5 24. Nd2 1/2-1/2

[Event "Mercredi 2026.01.07 ABCD"]
[Site "Montreal CAN"]
[Date "2026.01.21"]
[Round "3"]
[White "Kozlov, Guennadi"]
[Black "Baran, Marius"]
[Result "0-1"]
[WhiteElo "1627"]
[BlackElo "1564"]
[WhiteFideId "-1"]
[BlackFideId "-1"]
[PlyCount "150"]
[GameId "2274321074846785"]
[EventDate "2026.01.07"]
[EventType "tourn"]
[EventRounds "5"]
[EventCountry "CAN"]

1. c4 e5 2. Nc3 Nc6 3. Nf3 Nf6 4. g3 Bb4 5. Nd5 d6 6. Nxb4 Nxb4 7. Bg2 Nc6 8. O-O O-O 9. d3 h6 10. Rb1 a5 11. a3 Nh7 12. b4 axb4 13. axb4 f5 14. Qb3 Be6 15. b5 Ne7 16. Bd2 Qe8 17. Ra1 Qh5 18. e3 Nf6 19. Nh4 Rab8 20. Ra7 g5 21. Bf3 Qf7 22. Ng2 e4 23. Be2 Nc8 24. Raa1 Nb6 25. Rac1 exd3 26. Bxd3 Ra8 27. Qc3 Na4 28. Qc2 Nd7 29. Bb4 Nac5 30. Bxc5 Nxc5 31. e4 Ra3 32. exf5 Nxd3 33. fxe6 Qxe6 34. Rcd1 Ne5 35. Ne1 Qxc4 36. Qxc4+ Nxc4 37. Rd4 Rc3 38. Ng2 Ne5 39. Rb4 Nf3+ 40. Kh1 Nd2 41. Rd1 Rxf2 42. Kg1 Rcf3 43. Ne3 h5 44. Rb2 Ne4 45. Rxf2 Nxf2 46. Re1 Nd3 47. Re2 Ne5 48. Nd5 Rf7 49. Rc2 c6 50. bxc6 bxc6 51. Ne3 Nf3+ 52. Kh1 Nd4 53. Rc4 c5 54. Nd5 Kf8 55. Kg2 Ke8 56. Ra4 Rf5 57. Ne3 Re5 58. Nc4 Re2+ 59. Kf1 Ke7 60. h3 g4 61. hxg4 hxg4 62. Ra7+ Ke6 63. Rg7 Re4 64. Rg6+ Kd5 65. Nxd6 Re6 66. Rxe6 Kxe6 67. Ne4 c4 68. Ke1 Ke5 69. Nf2 Kf5 70. Kd2 Nb5 71. Kc2 Nd6 72. Nd1 Ke4 73. Kc3 Kf3 74. Kd4 Kxg3 75. Kd5 Kf3 0-1

[Event "Mercredi 2026.01.07 ABCD"]
[Site "Montreal CAN"]
[Date "2026.01.21"]
[Round "3"]
[White "Ramos, Michelle"]
[Black "Guindon, Alex"]
[Result "1/2-1/2"]
[WhiteElo "1558"]
[BlackElo "1532"]
[WhiteFideId "-1"]
[BlackFideId "-1"]
[PlyCount "78"]
[GameId "2274321074850882"]
[EventDate "2026.01.07"]
[EventType "tourn"]
[EventRounds "5"]
[EventCountry "CAN"]

1. c4 Nf6 2. Nc3 g6 3. g3 Bg7 4. Bg2 O-O 5. e4 e5 6. Nge2 Nc6 7. O-O d6 8. h3 Be6 9. d3 Nd7 10. a3 f5 11. f4 fxe4 12. Nxe4 Qe7 13. Rb1 a5 14. N2c3 Nd4 15. Ng5 c6 16. Ne2 Nf5 17. Bd2 a4 18. Qc2 Nc5 19. Nxe6 Qxe6 20. Kh2 Nb3 21. fxe5 Nxd2 22. Qxd2 Qxe5 23. Rf3 Nd4 24. Nxd4 Qxd4 25. Qe3 Rxf3 26. Qxf3 Rf8 27. Qe2 Be5 28. b4 Rf2 29. Qe4 Qc3 30. Qg4 Qc2 31. Rg1 Qxd3 32. Qc8+ Kg7 33. Qd7+ Kh6 34. Qg4 Qxa3 35. b5 cxb5 36. cxb5 Qb3 37. Qh4+ Kg7 38. Rc1 Rc2 39. Qe7+ Kh6 1/2-1/2

[Event "Mercredi 2026.01.07 ABCD"]
[Site "Montreal CAN"]
[Date "2026.01.21"]
[Round "3"]
[White "Poncsak, Juliette"]
[Black "Autotte, Daniel"]
[Result "1-0"]
[WhiteElo "1577"]
[BlackElo "1554"]
[WhiteFideId "-1"]
[BlackFideId "-1"]
[PlyCount "75"]
[GameId "2274321074850883"]
[EventDate "2026.01.07"]
[EventType "tourn"]
[EventRounds "5"]
[EventCountry "CAN"]

1. d4 d5 2. Bf4 c5 3. e3 e6 4. Nf3 Bd6 5. Ne5 Nf6 6. c3 Qc7 7. Nd2 O-O 8. Bd3 h6 9. g4 Nfd7 10. g5 Nxe5 11. dxe5 Bxe5 12. gxh6 f5 13. hxg7 Rf7 14. Bxe5 Qxe5 15. Nf3 Qf6 16. h4 Nc6 17. Ng5 Rxg7 18. Qh5 Bd7 19. O-O-O Ne5 20. Qe2 Nf7 21. f4 Nh6 22. Rdg1 Kh8 23. Qd2 b5 24. Be2 c4 25. Rh2 a5 26. a3 Rb8 27. Rhg2 b4 28. cxb4 axb4 29. axb4 c3 30. bxc3 Rc8 31. Ne4 fxe4 32. Rxg7 Rxc3+ 33. Kd1 Ba4+ 34. Ke1 Qxh4+ 35. R7g3 Rc7 36. Qb2+ Kh7 37. Bh5 Nf5 38. Bg6+ 1-0

[Event "Mercredi 2026.01.07 ABCD"]
[Site "Montreal CAN"]
[Date "2026.01.28"]
[Round "4"]
[White "Ramos, Michelle"]
[Black "Kozlov, Guennadi"]
[Result "1/2-1/2"]
[WhiteElo "1558"]
[BlackElo "1627"]
[WhiteFideId "-1"]
[BlackFideId "-1"]
[PlyCount "120"]
[GameId "2274321074850884"]
[EventDate "2026.01.07"]
[EventType "tourn"]
[EventRounds "5"]
[EventCountry "CAN"]

1. c4 g6 2. Nc3 Bg7 3. g3 Nc6 4. Bg2 b6 5. e4 Bb7 6. Nge2 Ne5 7. d3 e6 8. O-O Ne7 9. f4 N5c6 10. d4 O-O 11. d5 Na5 12. Qd3 exd5 13. cxd5 Qc8 14. b4 Ba6 15. b5 Bb7 16. Ba3 Re8 17. Rac1 a6 18. d6 cxd6 19. Nd5 Qd8 20. Nc7 axb5 21. Nxe8 Qxe8 22. Bxd6 Nec6 23. Rfd1 Nc4 24. Qb1 N6a5 25. Nc3 Qe6 26. Nxb5 Rc8 27. Nc7 Qg4 28. Nd5 Nxd6 29. Ne7+ Kf8 30. Nxc8 Nxc8 31. Rc7 Qe6 32. Rdxd7 Kg8 33. Rd8+ Bf8 34. Qb4 Nd6 35. Rcd7 Nc6 36. Qxb6 Nxd8 37. Qxd8 Bc6 38. Rc7 Bxe4 39. Bxe4 Qxe4 40. Kf2 Qd4+ 41. Kg2 Qd5+ 42. Kg1 Qxa2 43. Rd7 Qe6 44. Kf2 Kg7 45. Qc7 Nf5 46. Qc3+ Kh6 47. Rd3 Bg7 48. Qd2 Qe4 49. Qe2 Bd4+ 50. Ke1 Qxe2+ 51. Kxe2 Bf6 52. g4 Nd4+ 53. Ke3 Ne6 54. g5+ Bxg5 55. fxg5+ Kxg5 56. Rd7 Kf6 57. Kf3 h5 58. Rd5 Kg7 59. h4 Kf6 60. Ke4 Ng7 1/2-1/2

[Event "Mercredi 2026.01.07 ABCD"]
[Site "Montreal CAN"]
[Date "2026.01.28"]
[Round "4"]
[White "Baran, Marius"]
[Black "Poncsak, Juliette"]
[Result "0-1"]
[WhiteElo "1564"]
[BlackElo "1577"]
[WhiteFideId "-1"]
[BlackFideId "-1"]
[PlyCount "90"]
[GameId "2274321074850885"]
[EventDate "2026.01.07"]
[EventType "tourn"]
[EventRounds "5"]
[EventCountry "CAN"]

1. d4 d5 2. Bf4 f5 3. Nf3 Nf6 4. Ne5 e6 5. e3 Be7 6. Be2 O-O 7. Nd2 b6 8. Bg5 c5 9. Bxf6 Rxf6 10. Ndf3 Qc7 11. c3 Bd6 12. Qc2 Nd7 13. Nxd7 Bxd7 14. g3 Raf8 15. O-O-O b5 16. h4 Qa5 17. dxc5 Bxc5 18. Kb1 b4 19. cxb4 Bxb4 20. Qd3 Rb8 21. Qa6 Bb5 22. Qxa5 Bxa5 23. Bxb5 Rxb5 24. Nd4 Rb7 25. Nb3 Bb4 26. Rc1 Rf8 27. Rc6 Kf7 28. Rhc1 Re8 29. R1c2 Bf8 30. Nc5 Rbe7 31. Na6 g6 32. f4 Bg7 33. b4 e5 34. Nc7 Rd8 35. R6c5 d4 36. exd4 exf4 37. Nb5 fxg3 38. Rg2 f4 39. Rc3 Bxd4 40. Nxd4 Rxd4 41. a3 h6 42. Rf3 Kg7 43. Kc2 Rdd7 44. Kc3 g5 45. hxg5 hxg5 0-1

[Event "Mercredi 2026.01.07 ABCD"]
[Site "Montreal CAN"]
[Date "2026.01.28"]
[Round "4"]
[White "Guindon, Alex"]
[Black "Autotte, Daniel"]
[Result "0-1"]
[WhiteElo "1532"]
[BlackElo "1554"]
[WhiteFideId "-1"]
[BlackFideId "-1"]
[PlyCount "70"]
[GameId "2274321074850886"]
[EventDate "2026.01.07"]
[EventType "tourn"]
[EventRounds "5"]
[EventCountry "CAN"]

1. d4 d5 2. Bf4 c5 3. e3 Nf6 4. c3 e6 5. Nd2 Bd6 6. Bg3 Bxg3 7. hxg3 cxd4 8. exd4 Nc6 9. Ngf3 Qc7 10. Bd3 h6 11. Qe2 Bd7 12. Ne5 Nxe5 13. dxe5 Ng8 14. Nb3 Ne7 15. Nd4 a6 16. g4 Nc6 17. Nxc6 Bxc6 18. f4 O-O-O 19. O-O Kb8 20. Qf2 Bb5 21. Bxb5 axb5 22. a4 Qc6 23. axb5 Qxb5 24. Qa7+ Kc7 25. Ra5 Qb6+ 26. Qxb6+ Kxb6 27. Rfa1 d4 28. c4 d3 29. Rb5+ Kc6 30. b4 d2 31. Rd1 Rd4 32. Rc5+ Kb6 33. g3 Rhd8 34. Kf2 Re4 35. Rb5+ Kc7 0-1

[Event "Mercredi 2026.01.07 ABCD"]
[Site "Montreal CAN"]
[Date "2026.02.04"]
[Round "5"]
[White "Autotte, Daniel"]
[Black "Baran, Marius"]
[Result "0-1"]
[WhiteElo "1554"]
[BlackElo "1564"]
[WhiteFideId "-1"]
[BlackFideId "-1"]
[PlyCount "138"]
[GameId "2274321074850887"]
[EventDate "2026.01.07"]
[EventType "tourn"]
[EventRounds "5"]
[EventCountry "CAN"]

1. e4 c5 2. c3 g6 3. d4 cxd4 4. cxd4 d5 5. exd5 Nf6 6. Nc3 Nxd5 7. Bc4 Nxc3 8. bxc3 Bg7 9. Nf3 O-O 10. O-O Nd7 11. Bb3 Nf6 12. Re1 e6 13. Ba3 Re8 14. Qd2 Bd7 15. Ne5 Qc7 16. Nxd7 Qxd7 17. Rad1 Red8 18. c4 Bf8 19. Bxf8 Rxf8 20. Qf4 Nh5 21. Qe5 Rac8 22. g4 Ng7 23. h3 Rfd8 24. d5 exd5 25. Rxd5 Qe6 26. Qa1 Qa6 27. Qd1 Ne6 28. Re3 Qb6 29. c5 Nxc5 30. Qf3 Nxb3 31. Rxb3 Qc6 32. Rxd8+ Rxd8 33. Qxc6 bxc6 34. Rb7 Rd3 35. Rxa7 Rxh3 36. Rc7 Ra3 37. Rxc6 Rxa2 38. Kg2 h6 39. Kg3 Kg7 40. f3 g5 41. Rc7 Kg6 42. Rc6+ f6 43. Rc5 Ra1 44. Kg2 Ra4 45. Kg3 h5 46. gxh5+ Kxh5 47. Rc3 f5 48. Rd3 f4+ 49. Kh3 Ra1 50. Rd8 Rg1 51. Rd3 Re1 52. Rd8 Rg1 53. Rd3 Rg3+ 54. Kh2 Kh4 55. Ra3 g4 56. Ra8 Rxf3 57. Rh8+ Kg5 58. Rg8+ Kf5 59. Rf8+ Ke4 60. Re8+ Kd3 61. Kg2 Re3 62. Rd8+ Ke2 63. Ra8 Rg3+ 64. Kh2 Rd3 65. Ra4 Kf3 66. Ra1 g3+ 67. Kg1 Rd2 68. Ra3+ Kg4 69. Ra8 Rd1+ 0-1

[Event "Mercredi 2026.01.07 ABCD"]
[Site "Montreal CAN"]
[Date "2026.02.04"]
[Round "5"]
[White "Poncsak, Juliette"]
[Black "Ramos, Michelle"]
[Result "1-0"]
[WhiteElo "1577"]
[BlackElo "1558"]
[WhiteFideId "-1"]
[BlackFideId "-1"]
[PlyCount "105"]
[GameId "2274321074850888"]
[EventDate "2026.01.07"]
[EventType "tourn"]
[EventRounds "5"]
[EventCountry "CAN"]

1. d4 f5 2. Bf4 Nf6 3. Nf3 e6 4. e3 Be7 5. Nbd2 O-O 6. c4 Nh5 7. Bg3 f4 8. exf4 Nxf4 9. Bxf4 Rxf4 10. g3 Rf8 11. Qb3 b6 12. Bg2 Bb7 13. Nh4 Bxg2 14. Nxg2 Nc6 15. d5 Nd4 16. Qd3 e5 17. f4 d6 18. Ne4 Bf6 19. O-O-O a6 20. h4 b5 21. Ng5 Bxg5 22. hxg5 g6 23. Rh6 Nf5 24. Rh3 exf4 25. gxf4 Qe7 26. Re1 Qd7 27. Reh1 Rf7 28. Qc3 bxc4 29. Qxc4 Qb5 30. b3 Qxc4+ 31. bxc4 Rb8 32. Rb3 Rb6 33. Rf1 Re7 34. Re1 Rxe1+ 35. Nxe1 Nd4 36. Rb2 Kg7 37. Nd3 Nf5 38. c5 dxc5 39. Nxc5 Rd6 40. Ne6+ Kf7 41. Nxc7 Ne3 42. a4 Nc4 43. Rc2 Na5 44. Kb2 Rb6+ 45. Kc3 Ke7 46. Kd4 Kd6 47. Ne8+ Ke7 48. Nf6 Rb4+ 49. Kc5 Rxf4 50. d6+ Kd8 51. Re2 Nb3+ 52. Kb6 Rb4+ 53. Ka7 1-0

[Event "Mercredi 2026.01.07 ABCD"]
[Site "Montreal CAN"]
[Date "2026.02.04"]
[Round "5"]
[White "Kozlov, Guennadi"]
[Black "Guindon, Alex"]
[Result "1/2-1/2"]
[WhiteElo "1627"]
[BlackElo "1532"]
[WhiteFideId "-1"]
[BlackFideId "-1"]
[PlyCount "79"]
[GameId "2274321074850889"]
[EventDate "2026.01.07"]
[EventType "tourn"]
[EventRounds "5"]
[EventCountry "CAN"]

1. e4 e5 2. f4 exf4 3. Nf3 Be7 4. h4 d6 5. d4 Nf6 6. Bd3 O-O 7. Bxf4 Bg4 8. Qd2 Nbd7 9. Nc3 c6 10. O-O-O b5 11. Qf2 b4 12. Ne2 d5 13. e5 Ne4 14. Bxe4 dxe4 15. Ng5 f6 16. exf6 Nxf6 17. Qe3 Qd5 18. Kb1 a5 19. Rd2 h6 20. Nh3 Be6 21. b3 a4 22. Be5 Ng4 23. Qg3 Nxe5 24. Qxe5 axb3 25. cxb3 Rad8 26. Rc2 Bf6 27. Qxd5 cxd5 28. Nhf4 Bg4 29. g3 Rc8 30. Rhc1 Rxc2 31. Rxc2 Bxe2 32. Nxe2 Be7 33. Nf4 Bd6 34. Nxd5 Bxg3 35. Nxb4 Bxh4 36. Re2 Rf1+ 37. Kc2 Rf2 38. Kd2 Kf7 39. Ke3 Rxe2+ 40. Kxe2 1/2-1/2

[Event "Mercredi 2026.02.18 ABCD"]
[Site "Montreal CAN"]
[Date "2026.02.18"]
[Round "1"]
[White "Chapdelaine, Gwyn"]
[Black "Ramesan, Raunak Amit"]
[Result "1-0"]
[WhiteElo "2076"]
[BlackElo "2116"]
[WhiteFideId "-1"]
[BlackFideId "-1"]
[PlyCount "115"]
[GameId "2289508456908641"]
[EventDate "2026.02.18"]
[EventType "tourn"]
[EventRounds "5"]
[EventCountry "CAN"]

1. e4 e5 2. Nf3 Nc6 3. Bc4 Nf6 4. d4 exd4 5. e5 Ne4 6. O-O Be7 7. Bd5 Nc5 8. Nxd4 Nxe5 9. f4 Nc6 10. Nf5 O-O 11. Qg4 Bf6 12. Nh6+ Kh8 13. Nxf7+ Rxf7 14. Bxf7 d5 15. Qh5 Ne4 16. c3 Ne7 17. f5 Bxf5 18. g4 Bg6 19. Bxg6 Nxg6 20. Nd2 Qd6 21. Nxe4 dxe4 22. Be3 Qd3 23. Rae1 Bh4 24. Bf2 Bxf2+ 25. Rxf2 e3 26. Rf3 Qd2 27. Rfxe3 Rf8 28. R3e2 Qd6 29. Re3 Qf4 30. Qh3 Qf2+ 31. Kh1 Qf6 32. Re6 Qf7 33. Qe3 Nf4 34. Re5 Qf6 35. Rf5 Qc6+ 36. Qe4 Re8 37. Rxf4 h6 38. Rf8+ Rxf8 39. Qxc6 bxc6 40. Kg2 Rd8 41. Kf3 Rd2 42. Re2 Rxe2 43. Kxe2 Kh7 44. Kf3 Kg6 45. Kf4 Kf6 46. h4 g5+ 47. hxg5+ hxg5+ 48. Ke4 Ke6 49. b4 a6 50. a4 c5 51. b5 axb5 52. axb5 c4 53. Kd4 Kd6 54. Kxc4 Ke5 55. Kc5 Kf4 56. Kc6 Kxg4 57. Kxc7 Kf3 58. b6 1-0

[Event "Mercredi 2026.02.18 ABCD"]
[Site "Montreal CAN"]
[Date "2026.02.18"]
[Round "1"]
[White "Batorshyn, Ilia"]
[Black "Navarro, Pavel"]
[Result "1-0"]
[WhiteElo "2274"]
[BlackElo "2021"]
[WhiteFideId "-1"]
[BlackFideId "-1"]
[PlyCount "45"]
[GameId "2289508456933218"]
[EventDate "2026.02.18"]
[EventType "tourn"]
[EventRounds "5"]
[EventCountry "CAN"]

1. d4 Nf6 2. Bg5 c5 3. d5 Qb6 4. Nc3 Qxb2 5. Bd2 Qb6 6. e4 d6 7. f4 Qd8 8. Nf3 g6 9. Bc4 Bg7 10. e5 dxe5 11. fxe5 Ng4 12. Qe2 O-O 13. h3 Nh6 14. Bxh6 Bxh6 15. O-O Qa5 16. Ne4 Bf5 17. Ng3 Bd7 18. e6 fxe6 19. Ne5 Rxf1+ 20. Rxf1 Qd2 21. Qxd2 Bxd2 22. d6 b5 23. dxe7 1-0

[Event "Mercredi 2026.02.18 ABCD"]
[Site "Montreal CAN"]
[Date "2026.02.18"]
[Round "1"]
[White "Di Matteo, Alessio"]
[Black "Latorre, Vincent"]
[Result "0-1"]
[WhiteElo "2048"]
[BlackElo "2383"]
[WhiteFideId "-1"]
[BlackFideId "-1"]
[PlyCount "46"]
[GameId "2289508456933219"]
[EventDate "2026.02.18"]
[EventType "tourn"]
[EventRounds "5"]
[EventCountry "CAN"]

1. d4 Nf6 2. c4 e6 3. Nc3 Bb4 4. a3 Bxc3+ 5. bxc3 c5 6. f3 Nc6 7. e4 O-O 8. Ne2 Ne8 9. Be3 b6 10. Nc1 Ba6 11. Nb3 Nd6 12. Nd2 Na5 13. dxc5 Ndxc4 14. Nxc4 Bxc4 15. cxb6 axb6 16. Be2 Qc7 17. Kf2 b5 18. Qc2 f5 19. Bd3 f4 20. Bc1 Qc5+ 21. Kf1 Nb3 22. Rb1 Nxc1 23. Rxc1 Rxa3 0-1

[Event "Mercredi 2026.02.18 ABCD"]
[Site "Montreal CAN"]
[Date "2026.02.25"]
[Round "2"]
[White "Navarro, Pavel"]
[Black "Latorre, Vincent"]
[Result "0-1"]
[WhiteElo "2021"]
[BlackElo "2383"]
[WhiteFideId "-1"]
[BlackFideId "-1"]
[PlyCount "118"]
[GameId "2289508456933220"]
[EventDate "2026.02.18"]
[EventType "tourn"]
[EventRounds "5"]
[EventCountry "CAN"]

1. e4 g6 2. d4 Bg7 3. Nc3 d6 4. Be3 a6 5. Qd2 b5 6. O-O-O Bb7 7. f3 Nd7 8. Kb1 Rc8 9. h4 h5 10. Nh3 c5 11. dxc5 Nxc5 12. Ng5 Nd7 13. Ne2 Ngf6 14. Nf4 Ne5 15. Bd4 O-O 16. b3 Qc7 17. Bb2 d5 18. exd5 Nxd5 19. Nfe6 fxe6 20. Nxe6 Nc3+ 21. Bxc3 Qxc3 22. Qxc3 Rxc3 23. Nxf8 Bxf8 24. Be2 Bc8 25. Bd3 Nxd3 26. Rxd3 Rxd3 27. cxd3 Bf5 28. Kc2 Bg7 29. Kd2 Kf7 30. Ke2 b4 31. Rc1 Bc3 32. Rg1 Bd7 33. Rh1 a5 34. Rg1 a4 35. Kd1 Bd4 36. Re1 a3 37. Re4 e5 38. Kc2 Bc6 39. Re1 Kf6 40. Rf1 Kf5 41. g3 Be3 42. Kb1 Bb5 43. Kc2 Ba6 44. Re1 Bd4 45. Rf1 Bb7 46. Kd2 Bd5 47. Kc2 Be3 48. Kb1 Bc6 49. Kc2 Bb5 50. Re1 Bf2 51. g4+ Kf6 52. Re2 Bxh4 53. gxh5 gxh5 54. Re4 Bg3 55. Rxb4 Bd7 56. Kd1 h4 57. Ke2 Bh3 58. f4 Bg4+ 59. Kf1 exf4 0-1